000 00326nam a22001457a 4500
020 _a81-88779-50-4
082 _a894.812.3
_bMAD/P
100 _aMADHAVIKUTTY
245 _aMADHAVIKUTTYUDE PREMAKATHAKAL
260 _aKOZHIKODE
_bOLIVE PUBLICTIONS
_c2008
300 _a239
520 _aNOVEL
650 _aNOVEL
942 _cBK
999 _c4935
_d4935